| 000 | 005150000a22001930004500 | ||
|---|---|---|---|
| 003 | LK-CoMWRAF | ||
| 005 | 20231014234619.0 | ||
| 008 | 230817t ||||| |||| 00| 0 eng d | ||
| 020 | _a9558897043 | ||
| 040 |
_aLK-CoMWRAF _dLK-CoMWRAF _eLK-CoMWRAF |
||
| 041 | _aeng | ||
| 082 |
_a823 _bWIC |
||
| 100 | _aWickremesekera, Channa | ||
| 245 | _aDistant Warriors | ||
| 260 |
_aSri Lanka (Colombo) : _bPerera-Hussein publishing, _c2005 |
||
| 300 | _a217p. ; 20cm | ||
| 650 | _aEnglish Fiction--Sri Lanka | ||
| 942 | _cBK | ||
| 999 |
_c871 _d871 |
||